Merlin Cast Quiz Stats

Quiz not verified by Sporcle

Challenge
Share
Tweet
Embed
Score 0/11 Timer 03:00
0 Plays Today
Character Portrayer % Correct
MerlinColin Morgan
98.2%
ArthurBradley James
94.6%
Kilgharrah (Dragon)John Hurt
92.8%
MorganaKatie McGrath
90.4%
GuinevereAngel Coulby
90.4%
GaiusRichard Wilson
77.2%
MorgauseEmilia Fox
65.3%
MordredAsa Butterfield
56.9%
LancelotSantiago Cabrera
53.3%
GawainEoin Macken
52.1%
Uther Anthony Stewart Head
39.5%

You're not logged in!

Compare scores with friends on all Sporcle quizzes.
Join for Free
OR
Log In

You Might Also Like...

Show Comments

Extras

Created Nov 18, 2011ReportNominate
Tags:Cast Quiz, TV Show Quiz

Top Quizzes Today


Score Distribution

Your Account Isn't Verified!

In order to create a playlist on Sporcle, you need to verify the email address you used during registration. Go to your Sporcle Settings to finish the process.

Report this User

Report this user for behavior that violates our Community Guidelines.

Details: